University Home | Library Home | Institutional Repository

The original Bob : (Record no. 96231)

MARC details
000 -LEADER
fixed length control field 00757cam2a220019301 4500
001 - CONTROL NUMBER
control field lce02190916
005 - DATE AND TIME OF LATEST TRANSACTION
control field 20190819091946.0
008 - FIXED-LENGTH DATA ELEMENTS--GENERAL INFORMATION
fixed length control field 870305s1970 gh c 000 0beng
035 ## - SYSTEM CONTROL NUMBER
System control number (Sirsi) r85416
050 0# - LIBRARY OF CONGRESS CALL NUMBER
Classification number PN 2990.8.J64 SUT 1970
100 1# - MAIN ENTRY--PERSONAL NAME
Personal name Sutherland, Efua Theodora.
Linkage A4145.1
245 14 - TITLE STATEMENT
Title The original Bob :
Remainder of title the story of Bob Johnson, Ghana's ace comedian /
Statement of responsibility, etc. Efua Sutherland ; pictures by Willis Bell.
260 ## - PUBLICATION, DISTRIBUTION, ETC.
Place of publication, distribution, etc. Accra [Ghana] :
Name of publisher, distributor, etc. Anowuo Educational Publications,
Date of publication, distribution, etc. 1970.
440 #0 - SERIES STATEMENT/ADDED ENTRY--TITLE
Title Makers of Ghanaian theatre ;
Volume/sequential designation 1
Linkage S7433.1
500 ## - GENERAL NOTE
General note Cover title: The story of Bob Johnson, Ghana's ace comedian.
600 10 - SUBJECT ADDED ENTRY--PERSONAL NAME
Personal name Johnson, Bob
650 #0 - SUBJECT ADDED ENTRY--TOPICAL TERM
Topical term or geographic name entry element Comedians -- Ghana -- Biography.
740 0# - ADDED ENTRY--UNCONTROLLED RELATED/ANALYTICAL TITLE
Uncontrolled related/analytical title Story of Bob Johnson, Ghana's ace comedian.

No items available.

© 2026 - The University of Zambia Library - Koha v25.11